000 01178cam a22003257a 4500
003 CHAP
005 20220817041816.0
008 971013s1983 r 00010 d
010 _a25144
011 _a26116
035 _a30216
040 _cCHAP
082 _a631.0913
_bI52
110 _aInstituto Interamericano de Cooperación para la Agricultura
245 1 3 _aEl programa IICA-trópicos
_b: doce años de actuación en el trópico suramericano (abril de 1971-abril de 1983)
260 _aBrasilia :
_bInstituto Interamericano de Cooperación para Agricultura,
_c1983
300 _a107 p
590 _aBATCH-UPD
_b10
_c20130110
_lUCH01
_h0027
590 _aBATCH-UPD
_b10
_c20130110
_lUCH01
_h1035
590 _aBATCH-UPD
_b10
_c20130409
_lUCH01
_h2008
590 _aBATCH-UPD
_b10
_c20130410
_lUCH01
_h0637
590 _aBATCH-UPD
_b10
_c20130913
_lUCH01
_h2109
590 _aCONVERSION
_b10
_c20130109
_lUCH01
_h1315
650 1 4 _aAgricultura
_xInvestigación
_xTrópicos.
_91686
650 1 4 _aAgricultura
_xTrópicos.
_91888
650 1 4 _aAyuda técnica.
_99035
901 _aBK
942 _cLIBRO
949 _a631.0913 I52
_bBC
_cLIBRO
_d33724000052775
_eLIBRO
_h61443
_i30216
_si
999 _c25144
_d25144